Statistics for Guess Where These Soccer Players Are From?

Click here to take the quiz!

General Stats

  • This quiz has been taken 166 times
  • The average score is 13 of 15

Answer Stats

HintAnswer% Correct
Lionel MessiArgentina
99%
NeymarBrazil
99%
Cristiano RonaldoPortugal
99%
Paul PogbaFrance
96%
David de GeaSpain
94%
Zlatan IbrahimovicSweden
94%
Luka ModrićCroatia
91%
Toni KroosGermany
90%
Robert LewandowskiPoland
88%
Christian EriksenDenmark
84%
Arturo VidalChile
76%
Kelyor NavasCosta Rica
76%
Diego GodínUruguay
72%
Henrikh MkhitaryanArmenia
61%
James RodríguezColumbia
50%

Score Distribution

Percentile by Number Answered

Percent of People with Each Score

Your Score History

You have not taken this quiz